Book-keeping and accountancy (Record no. 5371)

MARC details
000 -LEADER
fixed length control field 00572cam a2200217ua 4500
001 - CONTROL NUMBER
control field 6224
005 - DATE AND TIME OF LATEST TRANSACTION
control field 20260515114020.0
008 - FIXED-LENGTH DATA ELEMENTS--GENERAL INFORMATION
fixed length control field 131123n ii |||gr||||Z||||||eng
020 ## - INTERNATIONAL STANDARD BOOK NUMBER
International Standard Book Number 81-7096-500-4
040 ## - CATALOGING SOURCE
Transcribing agency MAIN
082 ## - DEWEY DECIMAL CLASSIFICATION NUMBER
Classification number 657
245 ## - TITLE STATEMENT
Title Book-keeping and accountancy
Statement of responsibility, etc. By C. Mohan Juneja
260 ## - PUBLICATION, DISTRIBUTION, ETC.
Place of publication, distribution, etc. Ludhiana:
Name of publisher, distributor, etc. kalyani publishers,
Date of publication, distribution, etc. 1991.
300 ## - PHYSICAL DESCRIPTION
Extent x,526p.
653 ## - INDEX TERM--UNCONTROLLED
Uncontrolled term Commerce
653 ## - INDEX TERM--UNCONTROLLED
Uncontrolled term Book-keeping and accountancy
700 ## - ADDED ENTRY--PERSONAL NAME
Personal name Juneja,C. Mohan,
Relator term Author.,
700 ## - ADDED ENTRY--PERSONAL NAME
Personal name Chawla,R.C.,
Relator term Author.
700 ## - ADDED ENTRY--PERSONAL NAME
Personal name Saxena,K.K.,
Relator term Author.
942 ## - ADDED ENTRY ELEMENTS (KOHA)
Koha item type Books
Holdings
Withdrawn status Lost status Damaged status Not for loan Home library Current library Shelving location Date acquired Total checkouts Full call number Barcode Date last seen Copy number Price effective from Koha item type
        Naharkatiya College Library Naharkatiya College Library General stacks 09/19/2020   657 | JUN 13160 09/19/2020 13 09/19/2020 Books
        Naharkatiya College Library Naharkatiya College Library General stacks 09/19/2020   657 | JUN 13161 09/19/2020 18 09/19/2020 Books
        Naharkatiya College Library Naharkatiya College Library General stacks 09/19/2020   657 | JUN 13162 09/19/2020 12 09/19/2020 Books
        Naharkatiya College Library Naharkatiya College Library General stacks 09/19/2020   657 | JUN 13164 09/19/2020 16 09/19/2020 Books
        Naharkatiya College Library Naharkatiya College Library General stacks 09/19/2020   657 | JUN 13165 09/19/2020 19 09/19/2020 Books
        Naharkatiya College Library Naharkatiya College Library General stacks 09/19/2020   657 | JUN 13166 09/19/2020 17 09/19/2020 Books
        Naharkatiya College Library Naharkatiya College Library General stacks 09/19/2020   657 | JUN 13167 09/19/2020 1 09/19/2020 Books
        Naharkatiya College Library Naharkatiya College Library General stacks 09/19/2020   657 | JUN 13169 09/19/2020 14 09/19/2020 Books
        Naharkatiya College Library Naharkatiya College Library General stacks 09/19/2020   657 | JUN 13170 09/19/2020 10 09/19/2020 Books
        Naharkatiya College Library Naharkatiya College Library General stacks 09/19/2020   657 | JUN 13172 09/19/2020 9 09/19/2020 Books
        Naharkatiya College Library Naharkatiya College Library General stacks 09/19/2020   657 | JUN 13173 09/19/2020 5 09/19/2020 Books
        Naharkatiya College Library Naharkatiya College Library General stacks 09/19/2020   657 | JUN 13174 09/19/2020 11 09/19/2020 Books
        Naharkatiya College Library Naharkatiya College Library General stacks 09/19/2020   657 | JUN 13176 09/19/2020 2 09/19/2020 Books
        Naharkatiya College Library Naharkatiya College Library General stacks 09/19/2020   657 | JUN 13177 09/19/2020 6 09/19/2020 Books
        Naharkatiya College Library Naharkatiya College Library General stacks 09/19/2020   657 | JUN 13183 09/19/2020 7 09/19/2020 Books
        Naharkatiya College Library Naharkatiya College Library General stacks 09/19/2020   657 | JUN 13184 09/19/2020 8 09/19/2020 Books
        Naharkatiya College Library Naharkatiya College Library General stacks 09/19/2020   657 | JUN 13185 09/19/2020 4 09/19/2020 Books
        Naharkatiya College Library Naharkatiya College Library General stacks 09/19/2020   657 | JUN 13980 09/19/2020 3 09/19/2020 Books
        Naharkatiya College Library Naharkatiya College Library General stacks 09/19/2020   657 | JUN 17303 09/19/2020 15 09/19/2020 Books